000 00413nam a22001337a 4500
020 _a9698893016
082 _a796.358
100 _aKhalid Mahmood
245 _aWorld cup 2003 top of the Charts
260 _aKarachi
_bJumbo publishing
_c2008
300 _a186
942 _cBK
999 _c342303
_d342303